HANDBOOK OF GAS TESTING (Record no. 5660)

MARC details
000 -LEADER
fixed length control field 00393nam a22001577a 4500
005 - DATE AND TIME OF LATEST TRANSACTION
control field 20171205165029.0
008 - FIXED-LENGTH DATA ELEMENTS--GENERAL INFORMATION
fixed length control field 171205b xxu||||| |||| 00| 0 eng d
020 ## - INTERNATIONAL STANDARD BOOK NUMBER
ISBN 978-81-7956-118-8
041 ## - LANGUAGE CODE
Language code of text/sound track or separate title eng
082 ## - DEWEY DECIMAL CLASSIFICATION NUMBER
Classification number 622.338 5
100 ## - MAIN ENTRY--AUTHOR NAME
Personal name KARMAKAR, N.C.
245 ## - TITLE STATEMENT
Title HANDBOOK OF GAS TESTING
260 ## - PUBLICATION, DISTRIBUTION, ETC. (IMPRINT)
Place of publication VARANASI
Name of publisher VARANASI ELECTRONIC COLOUR PVT LTD
300 ## - PHYSICAL DESCRIPTION
Number of Pages 43p,
942 ## - ADDED ENTRY ELEMENTS (KOHA)
Koha item type Books
Holdings
Lost status Damaged status Collection code Home library Current library Shelving location Date acquired Source of acquisition Cost, normal purchase price Full call number Accession Number Koha item type
    MINING JRU Library JRU Library SHELF-100-B 05/12/2017 PURCHESS 75.00 622.338 5 22269 Books
    MINING JRU Library JRU Library SHELF-100-B 05/12/2017 PURCHESS 75.00 622.338 5 22270 Books
    MINING JRU Library JRU Library SHELF-100-B 05/12/2017 PURCHESS 75.00 622.338 5 22271 Books
    MINING JRU Library JRU Library SHELF-100-B 05/12/2017 PURCHESS 75.00 622.338 5 22272 Books
    MINING JRU Library JRU Library SHELF-100-B 05/12/2017 PURCHESS 75.00 622.338 5 22273 Books